000 00466nam a2200133Ia 4500
008 231129s1995||||xx |||||||||||||| ||spa||
040 _bspa
082 _a330.9861 C749p
100 _aCongreso Nacional Cooperativo (3er. : 1995 : Santafé de Bogotá)
245 0 _aLa polí­tica social: herramienta del desarrollo económico
260 _c1995
264 _aSantafé de Bogotá Colombia : Confederación de Cooperativas de Colombia CONFECOOP
942 _2ddc
_cBKS
999 _c17970
_d17970